Dojmy a potulky : 1901-1908 /

Hlavní autor: Jiránek, Miloš, 1875-1911
Jazyk: Čeština
Vydáno: Praha, : Spolek výtvarných umělců Mánes, 1908
Edice: Dráhy a cíle
Knihy
Uloženo v:
LEADER 00752nam a22002172a 4500
001 000385790
003 CZ BrMZK
005 20181211133409.0
007 ta
008 950101s1908 xr f cze d
040 |a BOA001  |b cze 
100 1 |a Jiránek, Miloš,  |d 1875-1911  |7 jk01051807 
245 1 0 |a Dojmy a potulky :  |b 1901-1908 /  |c Miloš Jiránek 
260 |a Praha, :  |b Spolek výtvarných umělců Mánes,  |c 1908 
490 1 |a Dráhy a cíle ;  |v sv. 6 
830 0 |a Dráhy a cíle  |0 s 
910 |a BOA001  |b 1-0030.418,6 
990 |a BK 
993 |a Y 
996 6 |b 2619814929  |c 1-0030.418,6  |l MZK  |r Sklad / do 1 hodiny  |n 5  |w 000385790  |u 000010  |a 1  |e BOA001  |j MZK50  |s P 
996 6 |b 2619814930  |c 1-0030.418,6  |l MZK  |r Sklad / do 1 hodiny  |n 2  |w 000385790  |u 000020  |a 1  |e BOA001  |j MZK50  |s P